Представление документа в формате RUSMARC

ПолеНазваниеЗначение
  Тип записи a
  Библиографический уровень s
001 Контрольный номер UONB/MAIN/d8c8fc426cbe4aa88ecaf827dfeb029b
005 Дата корректировки 20240131005855.9
100 Данные общей обработки __
a Данные общей обработки 20230626a2009####m##y0rus
110 Кодированные данные: продолжающиеся ресурсы __
a Кодированные данные продолжающихся ресурсов afazz 0yy0
200 Заглавие и сведения об ответственности 1_
a Заглавие № 3
203 Вид содержания и тип средства __
a Вид содержания Текст
b Характеристика содержания визуальный
c Тип средства непосредственный
210 Выходные данные 1_
d Дата издания 2009
461 Уровень набора _0
1 001UONB/MAIN/a18a1c90f5594469ad5cd33286bcd275
1 2001
a Новая библиотека
e профессиональное издание
f учредитель ООО "Красносельское агентство "Союзпечать"
v № 3
1 2101
a Москва
d 2000-2015
1 300
a Ежемесячно
801 Источник записи _1
a Страна RU
b Организация Ульяновская ОНБ
c Дата составления 20230626
g Правила каталогизации RCR
801 Источник записи _1
a Страна RU
b Организация Ульяновская ОНБ
c Дата составления 20230626
g Правила каталогизации RCR
901 Тип документа __
t Тип документа s
w Контрольный № источника UONB/MAIN/a18a1c90f5594469ad5cd33286bcd275
909 Создатель записи __
b Дата создания записи 20230626